000 00602nam a2200229 a 4500
999 _c653
_d653
008 191003s2010 ii ||||g |||| 001 0 eng d
020 _a9780143031031
_cRs. 599.00
040 _aKO
_beng
041 0 _aeng
044 _aii
082 0 4 _223
_a954
_bN315
100 1 _aNehru, Jawaharlal
245 1 0 _aJawaharlal Nehru :
_bThe Discovery of India /
_cJawaharlal Nehru
260 _aNew Delhi :
_bPenguin Books,
_c2010
300 _axxvi, 642 p. ;
_c22.5 cm.
504 _aIncludes index.
650 0 _aIndia
_xHistory
650 0 _aIndia
_xCivilization
904 _aS_JOY
942 _cBK